All Faker's LCK teammate - Statistics

General Stats
  • This quiz has been taken 216 times
    116 since last reset
  • The average score is 23 of 35
Answer Stats
Year(s) Team % Correct
2021, 2022, 2023, 2024 Keria
100%
2021, 2022, 2023, 2024 Oner
100%
2021, 2022, 2023, 2024 Zeus
100%
2025 Doran
98%
2020, 2021, 2022, 2023, 2024 Gumayusi
98%
2013, 2014, 2015, 2016 Bengi
97%
2015, 2016, 2017, 2018 Bang
95%
2015 Wolf
90%
2017 Peanut
87%
2020 Cuzz
84%
2025 Smash
84%
2015 MaRin
83%
2020, 2021 Canna
81%
2013, 2014 Impact
78%
2013, 2014 Piglet
78%
2019 Mata
76%
2013, 2014 PoohManDu
76%
2019, 2020 Teddy
71%
2016 Duke
70%
2015 Tom
67%
2018, 2019,2020 Effort
62%
2017, 2018 Untara
60%
2019 Khan
59%
2019 Clid
54%
2017 Huni
54%
2016, 2017, 2018 Blank
43%
2020 Roach
37%
2018 Blossom
35%
2024 Guwon
35%
2019 Haru
35%
2015 PiccaBoo
35%
2020 Ellim
30%
2017 Profit
29%
2018 Leo
24%
2018 Thal
21%
No matching quizzes found
Score Distribution
Percent of People with Each Score
Percentile by Number Answered
Your Score History
You have not taken this quiz since the last reset